| 000 | 00631nam a22001937a 4500 | ||
|---|---|---|---|
| 005 | 20241122171137.0 | ||
| 008 | 241122b |||||||| |||| 00| 0 eng d | ||
| 020 | _a9780395885772 | ||
| 050 |
_aQA303 _b.L33 |
||
| 100 | _aLarson, Roland E. | ||
| 245 |
_aCalculus/ _bwith analytic geometry _cRoland E. Larson, Robert P. Hostetler, Bruce H. Edwards, assisted by David E. Heyd |
||
| 250 | _a6th Ed. | ||
| 260 |
_aBoston _bHoughton Mifflin Company _c1998 |
||
| 300 |
_axxxvii.1106.208p. _bill. some color _c26.5cm |
||
| 650 | _2Calculus | ||
| 700 | _aHostetler, Robert P. | ||
| 700 | _aEdwards, Bruce H. | ||
| 942 |
_2lcc _cBK _e6th ed. _n0 |
||
| 999 |
_c1469 _d1469 |
||